[Event "Women's Speed Chess Q1"]
[Site "chess.com INT"]
[Date "2020.06.18"]
[Round "6"]
[White "Zhao, Xue"]
[Black "Papp, Sarah"]
[Result "1-0"]
[WhiteTitle "GM"]
[BlackTitle "WGM"]
[WhiteElo "2486"]
[BlackElo "2334"]
[WhiteFideId "8601283"]
[BlackFideId "24606812"]
[EventDate "2020.06.18"]

1. Nf3 Nf6 2. e3 d6 3. b3 e5 4. Bb2 Nbd7 5. d4 e4 6. Nfd2 d5 7. c4 c6 8. Nc3 Be7
9. f3 O-O 10. fxe4 Nxe4 11. Ndxe4 dxe4 12. Nxe4 Re8 13. Qf3 Bb4+ 14. Kf2 Qh4+
15. Ng3 Nf6 16. Kg1 Bg4 17. Qf2 Qh6 18. a3 Bd6 19. Re1 Ne4 20. Nxe4 Rxe4 21. Bd3
Re6 22. h3 Rf6 23. Qd2 Bd7 24. d5 Bg3 25. Re2 cxd5 26. cxd5 Rb6 27. Bc4 Bb5 28.
Bxb5 Rxb5 29. Qd3 Rb6 30. e4 Re8 31. Qxg3 1-0

[Event "Women's Speed Chess Q1"]
[Site "chess.com INT"]
[Date "2020.06.18"]
[Round "6"]
[White "Shuvalova, Polina"]
[Black "Khomeriki, Nino"]
[Result "1-0"]
[WhiteTitle "WGM"]
[BlackTitle "WGM"]
[WhiteElo "2454"]
[BlackElo "2319"]
[WhiteFideId "24171760"]
[BlackFideId "13603191"]
[EventDate "2020.06.18"]

1. e4 e5 2. Nf3 Nc6 3. Bb5 a6 4. Ba4 Nf6 5. O-O Be7 6. Re1 b5 7. Bb3 d6 8. c3
O-O 9. h3 Bb7 10. d4 Re8 11. Ng5 Rf8 12. Nf3 Re8 13. Nbd2 Bf8 14. d5 Nb8 15. Nf1
Nbd7 16. Ng3 Nc5 17. Bc2 c6 18. b4 Ncd7 19. dxc6 Bxc6 20. Bb3 Nb6 21. Bg5 Nc4
22. Bxc4 bxc4 23. a4 Rc8 24. Qe2 Bd7 25. Nd2 Be6 26. Ndf1 Be7 27. Bxf6 Bxf6 28.
Ne3 Bg5 29. Red1 Bxe3 30. Qxe3 Qc7 31. Kh2 Qc6 32. f3 f6 33. Ra2 Red8 34. Rad2
g6 35. h4 Bf7 36. h5 Qxa4 37. Rxd6 Qxd1 38. Rxd1 Rxd1 39. Qb6 Rcd8 40. Qxf6 R1d6
41. Qxe5 Re6 42. Qg5 Rd3 43. h6 Rd7 44. Qf4 Be8 45. Qg4 Bf7 46. Qg5 Red6 47. Nf5
Re6 48. Nd4 Re8 49. Qf6 1-0

[Event "Women's Speed Chess Q1"]
[Site "chess.com INT"]
[Date "2020.06.18"]
[Round "6"]
[White "Toncheva, Nadya"]
[Black "Enkhtuul, Altan-Ulzii"]
[Result "0-1"]
[WhiteTitle "WFM"]
[BlackTitle "WGM"]
[WhiteElo "2064"]
[BlackElo "2228"]
[WhiteFideId "2924056"]
[BlackFideId "4901444"]
[EventDate "2020.06.18"]

1. e4 Nf6 2. e5 Nd5 3. c4 Nb6 4. d4 d6 5. exd6 exd6 6. Nc3 Be7 7. Nf3 O-O 8. Bd3
h6 9. O-O Bf6 10. h3 Nc6 11. Be3 Nb4 12. Be2 Bf5 13. Rc1 d5 14. a3 Nc6 15. c5
Nc4 16. Bxc4 dxc4 17. d5 Na5 18. Qa4 b6 19. Rfe1 Bxc3 20. bxc3 Qxd5 21. Rcd1 Bd3
22. Bd4 Qc6 23. Qb4 Rfe8 24. Ne5 Qd5 25. Re3 Nc6 26. Nxc6 Rxe3 27. fxe3 Qxc6 28.
cxb6 axb6 29. Qe7 Re8 30. Qh4 Re6 31. Rd2 Kh7 32. Rf2 Rg6 33. Qf4 f5 34. Kh2 Be4
35. g3 b5 36. Qe5 Qd7 37. Qf4 c6 38. Qe5 Re6 39. Qf4 Re8 40. Ra2 Bd3 41. a4 Ra8
42. a5 Qe7 43. a6 c5 44. Be5 b4 45. Bd6 Qe6 46. Bxc5 b3 47. Rb2 Rxa6 48. Qd4 Ra2
49. Bf8 Qf7 50. Ba3 Rxa3 51. Qc5 Ra2 0-1

[Event "Women's Speed Chess Q1"]
[Site "chess.com INT"]
[Date "2020.06.18"]
[Round "6"]
[White "Zavivaeva, Evelina"]
[Black "Hernandez Bonilla, Amelia"]
[Result "0-1"]
[WhiteTitle "WCM"]
[BlackTitle "WFM"]
[WhiteElo "1619"]
[BlackElo "2016"]
[WhiteFideId "44127839"]
[BlackFideId "3900193"]
[EventDate "2020.06.18"]

1. e4 c5 2. c3 d5 3. exd5 Qxd5 4. d4 Nc6 5. Nf3 cxd4 6. cxd4 Bg4 7. Be2 e6 8.
Nc3 Qd8 9. Be3 Nf6 10. h3 Bh5 11. O-O Be7 12. Ne5 Bxe2 13. Nxe2 O-O 14. Nxc6
bxc6 15. Rc1 Qa5 16. Rxc6 Qxa2 17. Rc2 Rfc8 18. Rxc8+ Rxc8 19. Qa1 Qxa1 20. Rxa1
Rc7 21. Bf4 Rb7 22. Rc1 h6 23. Rc2 Nd5 24. Bd2 Bb4 25. Bxb4 Nxb4 26. Rc8+ Kh7
27. Rc3 Nd5 28. Rc2 a5 29. Nc3 Nxc3 30. bxc3 Kg6 31. Ra2 Ra7 32. c4 Kf5 33. c5
Ke4 34. Ra4 Kd5 35. Kf1 e5 36. dxe5 Kxc5 37. f4 Kb5 38. Ra2 a4 39. Rb2+ Kc4 40.
Ke2 a3 0-1

[Event "Women's Speed Chess Q1"]
[Site "chess.com INT"]
[Date "2020.06.18"]
[Round "6"]
[White "Millard, Charlotte"]
[Black "Hng, Mei-En Emmanuelle"]
[Result "0-1"]
[WhiteTitle "WCM"]
[BlackTitle "WFM"]
[WhiteElo "1252"]
[BlackElo "2029"]
[WhiteFideId "14320363"]
[BlackFideId "5804566"]
[EventDate "2020.06.18"]

1. e4 g6 2. d4 Bg7 3. Nf3 d6 4. h3 Nf6 5. Bd3 O-O 6. Be3 Nc6 7. O-O Nd7 8. c3 e5
9. d5 Ne7 10. Qd2 f5 11. exf5 gxf5 12. Ng5 Nf6 13. f4 e4 14. Bc4 h6 15. Ne6 Bxe6
16. dxe6 d5 17. Bb3 Qd6 18. Bd4 c5 19. Be5 Qxe6 20. Na3 a6 21. Bc2 Nc6 22. Bc7
Rac8 23. Bb6 Ne7 24. Ba7 b6 25. c4 d4 26. g4 fxg4 27. Rfe1 gxh3 28. Re2 Ra8 29.
Rae1 Rxa7 30. Bxe4 Nxe4 31. Rxe4 Qg4+ 32. Kh1 Nf5 33. R4e2 Qf3+ 34. Kh2 Ne3 35.
Rxe3 dxe3 36. Rxe3 Qxf4+ 37. Kh1 Qf1+ 38. Kh2 Rf2+ 39. Qxf2 Qxf2+ 40. Kxh3 Qxe3+
41. Kh4 Bf6+ 0-1

[Event "Women's Speed Chess Q1"]
[Site "chess.com INT"]
[Date "2020.06.18"]
[Round "6"]
[White "Tania, Sachdev"]
[Black "Kirchei, Viktoriia"]
[Result "1-0"]
[WhiteTitle "IM"]
[BlackTitle "WFM"]
[WhiteElo "2392"]
[BlackElo "2207"]
[WhiteFideId "5007844"]
[BlackFideId "34133396"]
[EventDate "2020.06.18"]

1. d4 Nf6 2. c4 e6 3. Nf3 Bb4+ 4. Bd2 a5 5. g3 b6 6. Bg2 Bb7 7. O-O O-O 8. Bf4
Be7 9. Nc3 Ne4 10. Qc2 Nxc3 11. Qxc3 Be4 12. d5 exd5 13. cxd5 Na6 14. Qd4 Nc5
15. Rac1 Re8 16. Rfd1 Bf6 17. Qd2 a4 18. Be3 Qe7 19. Bd4 Rad8 20. Qb4 d6 21. Qc3
Bxd4 22. Nxd4 Bxg2 23. Kxg2 Qe4+ 24. Qf3 Qxf3+ 25. exf3 g6 26. b4 axb3 27. axb3
Rd7 28. b4 Na6 29. Nc6 Nb8 30. Re1 Rxe1 31. Rxe1 Nxc6 32. Re8+ Kg7 33. dxc6 1-0

[Event "Women's Speed Chess Q1"]
[Site "chess.com INT"]
[Date "2020.06.18"]
[Round "6"]
[White "Balabayeva, Xeniya"]
[Black "Pham, Le Thao Nguyen"]
[Result "0-1"]
[WhiteTitle "WFM"]
[BlackTitle "IM"]
[WhiteElo "2146"]
[BlackElo "2366"]
[WhiteFideId "13719688"]
[BlackFideId "12401226"]
[EventDate "2020.06.18"]

1. e4 c5 2. Nf3 e6 3. d4 cxd4 4. Nxd4 a6 5. Nc3 Qc7 6. Bd3 b5 7. O-O Bb7 8. Re1
Be7 9. a3 d6 10. Be3 Nf6 11. Qe2 O-O 12. Rad1 Nbd7 13. f4 Rfe8 14. h3 Rac8 15.
Nf3 Bf8 16. Qf2 g6 17. e5 Nh5 18. exd6 Bxd6 19. g3 Bf8 20. Bd4 Nc5 21. Kh2 Nxf4
22. Be5 Nfxd3 23. cxd3 Bd6 24. Bxd6 Qxd6 25. d4 Nd7 26. Ng5 f5 27. Qe3 Nf8 28.
Rd2 Qc6 29. h4 Nd7 30. Nh3 Nf6 31. Qe2 Ng4+ 32. Kg1 Qh1# 0-1

[Event "Women's Speed Chess Q1"]
[Site "chess.com INT"]
[Date "2020.06.18"]
[Round "6"]
[White "Smietanska, Wiktoria"]
[Black "Muminova, Nafisa"]
[Result "0-1"]
[WhiteTitle "CM"]
[BlackTitle "WGM"]
[WhiteElo "1593"]
[BlackElo "2274"]
[WhiteFideId "21869359"]
[BlackFideId "14201526"]
[EventDate "2020.06.18"]

1. c4 e5 2. Nc3 Nc6 3. Nf3 a6 4. g3 Bc5 5. Bg2 d6 6. O-O h5 7. h4 Be6 8. b3 Qd7
9. e3 Bg4 10. Qe2 O-O-O 11. a3 Nf6 12. d3 Ba7 13. b4 e4 14. dxe4 Ne5 15. Rd1 Qe8
16. Kh2 Kb8 17. Bb2 g5 18. hxg5 Nh7 19. Nd5 Nxg5 20. Bxe5 dxe5 21. Nf6 Qe7 22.
Nxg4 Nxf3+ 23. Bxf3 hxg4+ 24. Kg2 gxf3+ 25. Qxf3 Rxd1 26. Rxd1 Qe6 27. Rh1 Rxh1
28. Kxh1 Qxc4 29. Qf6 Bb6 30. Qxe5 Qf1+ 31. Kh2 Qxf2+ 32. Kh3 Bxe3 33. Qe8+ Ka7
34. b5 Qf1+ 35. Kh4 axb5 36. Qe5 c6 37. g4 Qh1+ 38. Kg3 Qe1+ 39. Kh3 Qf1+ 40.
Kg3 f6 41. Qf5 Qxf5 42. gxf5 Kb6 0-1

[Event "Women's Speed Chess Q1"]
[Site "chess.com INT"]
[Date "2020.06.18"]
[Round "6"]
[White "Soumya, Swaminathan"]
[Black "Petrova, Irina"]
[Result "0-1"]
[WhiteTitle "IM"]
[BlackTitle "WIM"]
[WhiteElo "2351"]
[BlackElo "2087"]
[WhiteFideId "5016193"]
[BlackFideId "14124122"]
[EventDate "2020.06.18"]

1. Nf3 d5 2. c4 c6 3. g3 Nf6 4. Bg2 Bg4 5. b3 Nbd7 6. Bb2 e6 7. d3 Be7 8. O-O
O-O 9. Nbd2 a5 10. Qc2 a4 11. Rad1 Qc7 12. cxd5 exd5 13. e4 axb3 14. axb3 Ra2
15. Qb1 Rfa8 16. e5 Ne8 17. h3 Bf5 18. Rfe1 Nc5 19. Bf1 Bxd3 20. Bxd3 Nxd3 21.
Qxd3 Rxb2 22. Nd4 g6 23. h4 Ng7 24. e6 Bb4 25. Re3 fxe6 26. Nxe6 Nxe6 27. Rxe6
Qf7 28. Re3 Rf8 29. Rf3 Qe7 30. Qd4 Rxd2 31. Rxf8+ Qxf8 32. Rxd2 Bxd2 33. Qxd2
Qf6 34. b4 b6 35. Qc2 Qd6 36. Qc3 c5 37. bxc5 bxc5 38. Qe3 d4 39. Qe8+ Kg7 40.
h5 d3 41. g4 d2 42. g5 d1=Q+ 43. Kg2 Qg4+ 0-1

[Event "Women's Speed Chess Q1"]
[Site "chess.com INT"]
[Date "2020.06.18"]
[Round "6"]
[White "Padmini, Rout"]
[Black "Rakhmangulova, Anastasiya"]
[Result "1-0"]
[WhiteTitle "IM"]
[BlackTitle "WIM"]
[WhiteElo "2370"]
[BlackElo "2191"]
[WhiteFideId "5029295"]
[BlackFideId "14117479"]
[EventDate "2020.06.18"]

1. e4 d5 2. exd5 Qxd5 3. Nc3 Qd6 4. d4 Nf6 5. Nf3 Bg4 6. Bb5+ c6 7. Be2 Nbd7 8.
O-O e6 9. Be3 Qc7 10. h3 Bh5 11. Ng5 Bg6 12. f4 h6 13. Nf3 O-O-O 14. Ne5 Nxe5
15. fxe5 Nd5 16. Nxd5 Rxd5 17. c4 Rd7 18. Qa4 a6 19. b4 Be7 20. b5 Bg5 21. Bxg5
hxg5 22. bxa6 bxa6 23. c5 Kd8 24. Bf3 Ke7 25. Bxc6 Rdd8 26. Rf3 Rh4 27. Rd1 Be4
28. Bxe4 Rxe4 29. Rdf1 Rf8 30. c6 Qb6 31. Qa3+ Ke8 32. Kh1 Re2 33. Qd6 Qd8 34.
Rb3 Qxd6 35. exd6 f5 36. Rb8+ Kf7 37. c7 Rc2 38. Rxf8+ Kxf8 39. d7 1-0

[Event "Women's Speed Chess Q1"]
[Site "chess.com INT"]
[Date "2020.06.18"]
[Round "6"]
[White "Franco Valencia, Angela"]
[Black "Sliwicka, Alicja"]
[Result "0-1"]
[WhiteTitle "WIM"]
[BlackTitle "WIM"]
[WhiteElo "2089"]
[BlackElo "2317"]
[WhiteFideId "4403070"]
[BlackFideId "1150677"]
[EventDate "2020.06.18"]

1. e4 c5 2. Nf3 d6 3. d4 cxd4 4. Nxd4 Nf6 5. Nc3 Bd7 6. g3 Nc6 7. Nb3 Bg4 8. f3
Bd7 9. Bg2 a5 10. a4 Qb6 11. Qe2 Nb4 12. Be3 Qxe3 13. Qxe3 Nxc2+ 14. Ke2 Nxe3
15. Kxe3 g6 16. Nb5 Bh6+ 17. f4 O-O 18. Nc7 Rac8 19. Rhc1 Bc6 20. Nd5 Bxd5 21.
exd5 b6 22. Nd4 Rfe8 23. Rc6 Rxc6 24. dxc6 e5 25. Nb5 exf4+ 26. Kd4 Bf8 27. c7
d5 28. Rc1 Bc5+ 29. Rxc5 bxc5+ 30. Kxc5 Nd7+ 31. Kxd5 Nb6+ 32. Kc6 Nc8 33. gxf4
Kf8 34. Bh3 f5 35. Bg2 Ke7 36. Kb7 h6 37. Na7 Nd6+ 38. Kc6 g5 39. Nb5 Nc8 40.
fxg5 hxg5 41. Bf1 g4 42. Bd3 Rf8 43. Be2 Rg8 44. Kb7 f4 45. Na7 Nd6+ 46. Kc6 f3
47. Bf1 Rh8 48. Ba6 Rxh2 49. c8=Q Nxc8 50. Bxc8 Rc2+ 51. Kd5 Rxc8 52. Nxc8+ Kf8
53. Nb6 f2 54. Nd7+ Ke7 55. Ne5 f1=Q 56. Nxg4 Qd1+ 0-1

[Event "Women's Speed Chess Q1"]
[Site "chess.com INT"]
[Date "2020.06.18"]
[Round "6"]
[White "Starosta, Martyna"]
[Black "Reyes Jara, Paula"]
[Result "0-1"]
[WhiteTitle "WCM"]
[BlackTitle "WFM"]
[WhiteElo "2079"]
[BlackElo "1871"]
[WhiteFideId "21818754"]
[BlackFideId "3403920"]
[EventDate "2020.06.18"]

1. e4 e5 2. Nf3 Nc6 3. Bb5 a6 4. Ba4 Nf6 5. O-O Be7 6. Re1 b5 7. Bb3 O-O 8. c3
d6 9. a4 Bg4 10. h3 Bh5 11. g4 Bg6 12. d3 b4 13. a5 Rb8 14. Nbd2 Qd7 15. Ba4
bxc3 16. bxc3 h5 17. g5 Nh7 18. Nf1 f6 19. d4 fxg5 20. d5 Qxh3 21. dxc6 Rxf3 22.
Ng3 Qg4 23. Bb3+ Kh8 24. Be6 Rxg3+ 25. fxg3 Qxe6 26. Bd2 Rb5 27. Qf3 g4 28. Qf2
Nf6 29. Rab1 Qc4 30. Rxb5 Qxb5 31. Bg5 Qxc6 32. Bxf6 Bxf6 33. Rb1 Qxe4 34. Rb8+
Kh7 35. Rf8 Bg5 36. Kh2 Qc2 37. Qxc2 Bxc2 38. Rc8 c6 39. Rxc6 Bd3 40. Rxd6 Bb5
41. Rd5 Bf6 42. Rc5 e4 43. c4 Bd7 44. Rc7 Bf5 45. Rc6 e3 46. Kg1 Bd3 47. Rxa6 e2
48. Re6 Bxc4 49. Kf2 Bd4+ 50. Ke1 Bc3+ 51. Kf2 Bxa5 52. Re5 Bc3 53. Re4 Ba6 54.
Re3 Bd4 55. Kg2 Bxe3 56. Kh2 e1=Q 57. Kg2 Qf2+ 58. Kh1 Qg1# 0-1

[Event "Women's Speed Chess Q1"]
[Site "chess.com INT"]
[Date "2020.06.18"]
[Round "6"]
[White "Berzina, Ilze"]
[Black "Dordzhieva, Dinara"]
[Result "0-1"]
[WhiteTitle "WGM"]
[BlackTitle "WIM"]
[WhiteElo "2192"]
[BlackElo "2354"]
[WhiteFideId "11601345"]
[BlackFideId "24157570"]
[EventDate "2020.06.18"]

1. e4 c5 2. Nf3 d6 3. Bb5+ Nd7 4. O-O Nf6 5. Re1 a6 6. Bf1 b5 7. c3 Bb7 8. d3 e6
9. a4 b4 10. Nbd2 Be7 11. d4 O-O 12. e5 dxe5 13. dxe5 Nd5 14. c4 Nf4 15. Ne4 Ng6
16. Neg5 Ndxe5 17. Qe2 Nxf3+ 18. Nxf3 Bf6 19. Be3 Qc7 20. Ng5 h6 21. Nh3 Rad8
22. Qg4 Bd4 23. Bf4 Nxf4 24. Nxf4 Bxb2 25. Rab1 Be5 26. Nh5 g6 27. f4 Bd4+ 28.
Kh1 Kh7 29. Ng3 Bf2 30. Re5 Bxg3 31. Qxg3 Rd4 32. Bd3 Rfd8 33. Be2 Rd2 34. Bg4
Bxg2+ 35. Kg1 Qd6 36. Be2 Bb7 37. Qe3 Qd4 38. Qxd4 R8xd4 39. Bf1 Rxf4 40. h3 Rf5
41. Rbe1 Rxe5 42. Rxe5 b3 43. Rxc5 b2 0-1

[Event "Women's Speed Chess Q1"]
[Site "chess.com INT"]
[Date "2020.06.18"]
[Round "6"]
[White "Paramzina, Anastasya"]
[Black "Ovezdurdiyeva, Jemal"]
[Result "0-1"]
[WhiteTitle "WGM"]
[BlackTitle "WFM"]
[WhiteElo "2209"]
[BlackElo "2061"]
[WhiteFideId "4165012"]
[BlackFideId "14001888"]
[EventDate "2020.06.18"]

1. e4 c5 2. Nf3 d6 3. d4 cxd4 4. Nxd4 Nf6 5. Nc3 a6 6. Nb3 e5 7. Bg5 Be6 8. f4
exf4 9. Qd2 Be7 10. O-O-O O-O 11. Bxf4 Ne8 12. g4 Bxg4 13. Be2 Bxe2 14. Qxe2 Nc6
15. Rhg1 Nc7 16. Nd5 Nxd5 17. exd5 Ne5 18. Bxe5 dxe5 19. Qxe5 Bf6 20. Qf4 Rc8
21. Kb1 Kh8 22. d6 Qd7 23. h4 b5 24. Nd2 Rfe8 25. Ne4 Be5 26. Qf3 Rc4 27. Ng5 f6
28. Rgf1 h6 29. Nh3 Rec8 30. c3 b4 31. cxb4 Rxb4 32. b3 Rxh4 33. Nf2 Rh2 34. Qd3
Rc3 35. Qxa6 Kh7 36. Qa8 Qb5 37. Qe4+ g6 38. b4 Rc4 39. d7 Qxb4# 0-1

[Event "Women's Speed Chess Q1"]
[Site "chess.com INT"]
[Date "2020.06.18"]
[Round "6"]
[White "Cori T., Deysi"]
[Black "Vifleemskaia, Svetlana"]
[Result "0-1"]
[WhiteTitle "WGM"]
[BlackTitle "WFM"]
[WhiteElo "2388"]
[BlackElo "1943"]
[WhiteFideId "3801934"]
[BlackFideId "4129490"]
[EventDate "2020.06.18"]

1. d4 Nf6 2. Nf3 e6 3. e3 d5 4. c4 dxc4 5. Bxc4 a6 6. a4 b6 7. O-O Bb7 8. Qe2
Bd6 9. Nc3 Nbd7 10. e4 e5 11. dxe5 Nxe5 12. Nxe5 Bxe5 13. Rd1 Qe7 14. Bg5 h6 15.
Nd5 Bxd5 16. Bxd5 hxg5 17. Bxa8 Bxh2+ 18. Kf1 O-O 19. Bc6 Be5 20. Rac1 Qe6 21.
Rc2 g6 22. Bd5 Qc8 23. b4 Kg7 24. Rc6 Rh8 25. Qf3 g4 26. Qd3 g3 27. f3 Rh1+ 28.
Ke2 Qh8 29. Rcc1 Rh2 30. Rg1 Qh6 31. Qd2 Bf4 32. Qc3 Bxc1 33. Rxc1 Rxg2+ 34. Kd3
Qf4 35. Kc4 Rf2 36. Bxf7 Kxf7 37. Rd1 Rxf3 0-1

[Event "Women's Speed Chess Q1"]
[Site "chess.com INT"]
[Date "2020.06.18"]
[Round "6"]
[White "Fominykh, Maria"]
[Black "Grigoryan, Meri"]
[Result "1/2-1/2"]
[WhiteTitle "WGM"]
[BlackTitle "WFM"]
[WhiteElo "2206"]
[BlackElo "2044"]
[WhiteFideId "4142411"]
[BlackFideId "13300571"]
[EventDate "2020.06.18"]

1. Nf3 d5 2. g3 Nf6 3. Bg2 c5 4. O-O Nc6 5. d3 h6 6. Nbd2 Bg4 7. h3 Bf5 8. c3
Qd7 9. Kh2 e5 10. e4 dxe4 11. dxe4 Nxe4 12. Nxe4 Qxd1 13. Rxd1 Bxe4 14. Re1 Bxf3
15. Bxf3 f6 16. Bxc6+ bxc6 17. f4 Bd6 18. fxe5 Bxe5 19. Bf4 O-O-O 20. Bxe5 fxe5
21. Re2 Rhe8 22. Rae1 e4 23. h4 e3 24. Kh3 Kc7 25. Rxe3 Rxe3 26. Rxe3 Rd7 27.
Kg4 Kb6 28. Re2 Rf7 29. b3 a5 30. Kh3 Ra7 31. Kg4 Rf7 32. Kh3 Kb5 33. Kg2 Ra7 1/2-1/2

[Event "Women's Speed Chess Q1"]
[Site "chess.com INT"]
[Date "2020.06.18"]
[Round "6"]
[White "Bommini, Mounika Akshaya"]
[Black "Tsukerman, Julia"]
[Result "0-1"]
[WhiteTitle "WFM"]
[BlackTitle "WCM"]
[WhiteElo "2029"]
[BlackElo "1523"]
[WhiteFideId "25019872"]
[BlackFideId "2621649"]
[EventDate "2020.06.18"]

1. d4 Nf6 2. c4 e6 3. Nc3 d5 4. cxd5 exd5 5. Bg5 Be7 6. e3 Nbd7 7. Bd3 c6 8. Qc2
Nh5 9. Bxe7 Qxe7 10. Nge2 g6 11. O-O O-O 12. Rae1 Ndf6 13. Ng3 Nxg3 14. hxg3 Re8
15. e4 dxe4 16. Nxe4 Nxe4 17. Rxe4 Be6 18. Rfe1 Qf6 19. Bc4 Bd7 20. R1e3 Rxe4
21. Qxe4 Re8 22. Qd3 Rxe3 23. Qxe3 Be6 24. Bxe6 Qxe6 25. Qxe6 fxe6 26. f4 h5 27.
Kf2 Kf7 28. Kf3 Kf6 29. Ke4 g5 30. b4 b6 31. fxg5+ Kxg5 32. Ke5 Kg4 33. Kxe6
Kxg3 34. b5 c5 35. d5 c4 36. d6 c3 37. d7 c2 38. d8=Q c1=Q 39. Qg8+ Kh2 40. Qb8+
Kxg2 41. Qxa7 Qc4+ 42. Kd6 Qxb5 43. Qg7+ Kh3 44. Qg1 Qc5+ 45. Qxc5 bxc5 46. Kxc5
Kg4 0-1

[Event "Women's Speed Chess Q1"]
[Site "chess.com INT"]
[Date "2020.06.18"]
[Round "6"]
[White "Ning, Kaiyu"]
[Black "Papp, Petra"]
[Result "1-0"]
[WhiteTitle "WIM"]
[BlackTitle "WGM"]
[WhiteElo "2327"]
[BlackElo "2338"]
[WhiteFideId "8614750"]
[BlackFideId "739049"]
[EventDate "2020.06.18"]

1. d4 Nf6 2. c4 g6 3. g3 Bg7 4. Bg2 d5 5. cxd5 Nxd5 6. Nf3 Nb6 7. O-O Nc6 8. e3
O-O 9. Nc3 Re8 10. Nh4 e5 11. d5 Ne7 12. e4 Bd7 13. a4 a5 14. Qb3 Nec8 15. Be3
Nd6 16. Rfd1 Nbc4 17. Bc1 f5 18. Bf1 Nb6 19. Nf3 fxe4 20. Ng5 Bf5 21. Bg2 Nbc4
22. Ncxe4 Nxe4 23. Nxe4 Bxe4 24. Bxe4 Nd6 25. Bg2 h6 26. Be3 Kh7 27. Rac1 b6 28.
h4 h5 29. Rc6 Rf8 30. Rdc1 Rf7 31. Qc2 Ra7 32. Bh3 Nf5 33. Qe4 Qe7 34. Re6 Qf8
35. Rcc6 Ra8 36. Rxg6 Kh8 37. Rg5 Nxe3 38. Rxh5+ Bh6 39. Rcxh6+ Kg8 40. Qg6+ Rg7
41. Rh8# 1-0

[Event "Women's Speed Chess Q1"]
[Site "chess.com INT"]
[Date "2020.06.18"]
[Round "6"]
[White "Shafigullina, Zarina"]
[Black "Socko, Monika"]
[Result "0-1"]
[WhiteTitle "WFM"]
[BlackTitle "GM"]
[WhiteElo "2296"]
[BlackElo "2428"]
[WhiteFideId "24174220"]
[BlackFideId "1106619"]
[EventDate "2020.06.18"]

1. d4 Nf6 2. Nf3 g6 3. g3 Bg7 4. Bg2 O-O 5. O-O d6 6. c4 Nc6 7. Nc3 Bg4 8. h3
Bxf3 9. Bxf3 Nd7 10. e3 e5 11. Ne2 Qf6 12. Bg2 exd4 13. exd4 Nxd4 14. Nxd4 Qxd4
15. Bxb7 Rab8 16. Bc6 Qxd1 17. Rxd1 Ne5 18. Bd5 c6 19. f4 cxd5 20. fxe5 Bxe5 21.
Rxd5 Rfc8 22. Bf4 Bxf4 23. gxf4 Rxc4 24. b3 Rxf4 25. Rxd6 Rc8 26. Rad1 Rc2 27.
R1d2 Rc1+ 28. Rd1 Rc5 29. R6d5 Rxd5 30. Rxd5 Rf3 31. Kg2 Rf6 32. Ra5 a6 33. b4
Rb6 34. a3 Kg7 35. Kf3 f5 36. h4 Kf6 37. Kf4 Rc6 38. Ke3 h6 39. a4 g5 40. hxg5+
hxg5 41. b5 axb5 42. axb5 Re6+ 43. Kf3 g4+ 44. Kf2 Kg5 45. Ra6 Re5 46. Rb6 Kf4
47. Rb8 g3+ 48. Kg2 Re2+ 49. Kf1 Kf3 50. Rf8 g2+ 51. Kg1 0-1

[Event "Women's Speed Chess Q1"]
[Site "chess.com INT"]
[Date "2020.06.18"]
[Round "6"]
[White "Benmesbah, Natacha"]
[Black "Ambartsumova, Karina"]
[Result "0-1"]
[WhiteTitle "WIM"]
[BlackTitle "IM"]
[WhiteElo "2223"]
[BlackElo "2371"]
[WhiteFideId "642002"]
[BlackFideId "4166299"]
[EventDate "2020.06.18"]

1. e4 c5 2. Nf3 e6 3. d3 d5 4. Qe2 Nf6 5. g3 Nc6 6. Bg2 Be7 7. O-O Qc7 8. Re1 b6
9. h4 dxe4 10. dxe4 Bb7 11. Nc3 O-O 12. Bf4 e5 13. Bg5 Nd4 14. Qd2 Rad8 15. Bxf6
Bxf6 16. Nxd4 exd4 17. Nd5 Bxd5 18. exd5 c4 19. a4 Qc5 20. b4 c3 21. bxc5 cxd2
22. Red1 d3 23. Ra2 Bc3 24. c6 Rfe8 25. Bf3 Re1+ 26. Kg2 Rxd1 27. Bxd1 Rxd5 28.
cxd3 Rc5 29. Bf3 Kf8 30. d4 Rxc6 31. Rxd2 Rd6 32. Rc2 Bxd4 33. Rc7 a5 34. Rc6
Rd7 35. Bg4 Rd5 36. Bf3 Rd8 37. Bg4 Ke7 38. Bf5 g6 39. Be4 Bc5 40. Rc7+ Kf6 41.
Rc6+ Ke5 42. Kf3 Rd2 43. Bb1 f5 44. g4 f4 45. Kg2 Rxf2+ 46. Kh3 f3 47. Rc8 Rf1
48. Re8+ Kf4 49. Rf8+ Ke3 50. Ba2 Bxf8 0-1

[Event "Women's Speed Chess Q1"]
[Site "chess.com INT"]
[Date "2020.06.18"]
[Round "6"]
[White "Alboredo, Julia"]
[Black "Singgih, Diajeng Theresa"]
[Result "0-1"]
[WhiteTitle "WFM"]
[BlackTitle "WFM"]
[WhiteElo "2182"]
[BlackElo "1972"]
[WhiteFideId "2124807"]
[BlackFideId "7104391"]
[EventDate "2020.06.18"]

1. e4 e5 2. Nf3 Nc6 3. d4 exd4 4. Bc4 Nf6 5. e5 d5 6. Bb5 Ne4 7. Nxd4 Bc5 8. O-O
O-O 9. Bxc6 bxc6 10. f3 Ba6 11. fxe4 Bxf1 12. Kxf1 dxe4 13. Be3 Qh4 14. Kg1 Rad8
15. c3 f6 16. e6 Bd6 17. h3 c5 18. Nf5 Bh2+ 19. Kxh2 Rxd1 20. Nxh4 Re8 21. Kg3
Rxe6 22. Kf2 Re5 23. Ke2 Rh1 24. Bf4 Rd5 25. c4 Rdd1 26. Bd2 g6 27. g4 Rdg1 28.
Be3 Re1+ 29. Kd2 Rxb1 30. Rxb1 Rxb1 31. Kc2 Rh1 32. Bxc5 Rxh3 33. Ng2 Rh2 34.
Bxa7 Rxg2+ 35. Kc3 h5 36. gxh5 gxh5 37. Bb8 h4 38. Bxc7 h3 39. a4 h2 40. Bxh2
Rxh2 41. a5 e3 42. Kd3 f5 43. Kxe3 Rxb2 44. Kf4 Ra2 45. Kxf5 Rxa5+ 46. Ke4 Kf7
47. Kd4 Kf6 48. c5 Ke6 49. Kc4 Kd7 50. Kb4 Ra6 51. Kb5 Rh6 0-1

[Event "Women's Speed Chess Q1"]
[Site "chess.com INT"]
[Date "2020.06.18"]
[Round "6"]
[White "Mamedjarova, Turkan"]
[Black "Pham, Bich Ngoc"]
[Result "1-0"]
[WhiteTitle "WGM"]
[BlackTitle "WIM"]
[WhiteElo "2309"]
[BlackElo "2235"]
[WhiteFideId "13402005"]
[BlackFideId "12401285"]
[EventDate "2020.06.18"]

1. d4 g6 2. c4 Bg7 3. Nc3 f5 4. Nf3 d6 5. e4 Nf6 6. e5 Ne4 7. Nxe4 fxe4 8. Ng5
dxe5 9. d5 O-O 10. Be2 Bf5 11. g4 Bd7 12. O-O Na6 13. Nxe4 e6 14. Rb1 Kh8 15. b4
exd5 16. cxd5 h6 17. Qd3 c6 18. d6 Be6 19. a4 Bd5 20. Nc5 Qxd6 21. Nxb7 Nxb4 22.
Nxd6 Nxd3 23. Bxd3 Rad8 24. Ba3 Rf3 25. Rfd1 e4 26. Nxe4 Bxe4 27. Bxe4 Rxd1+ 28.
Rxd1 Rxa3 29. Bxg6 Ra1 30. Rxa1 Bxa1 31. Kf1 Kg7 32. Be4 c5 33. f4 Kf6 34. Ke2
c4 35. Bc2 Ke6 36. h4 Kd5 37. g5 hxg5 38. fxg5 Be5 39. Kf3 Kd4 40. h5 Kc3 41.
Bf5 Kb2 42. h6 c3 43. g6 c2 44. Bxc2 Kxc2 45. g7 Bxg7 46. hxg7 Kb3 47. g8=Q+
Kxa4 48. Qa2+ Kb4 49. Qxa7 Kc3 1-0